[Event "84th Tata Steel Challengers 2022"]
[Site "Wijk aan Zee"]
[Date "2022.01.23"]
[Round "8.6"]
[White "Dardha, Daniel"]
[Black "Shuvalova, Polina"]
[Result "1-0"]
[WhiteElo "2533"]
[BlackElo "2516"]
[Annotator "TA"]
[PlyCount "43"]
[EventDate "2022.01.15"]
[EventType "tourn"]
[EventCountry "NED"]
[SourceTitle "playchess.com"]
[Source "ChessBase"]
[SourceQuality "1"]

{[%evp 12,42,49,32,31,40,47,46,38,47,36,41,75,75,76,74,66,80,105,105,108,79,75,73,64,58,100,87,972,871,29998,29999,29999]} 1. c4 e6 2. Nc3 d5 3. d4 c5 4. cxd5 exd5 5. Nf3 Nf6 6. Bg5 Be6 7. e3 c4 {D32: Tarrasch Defence: Sidelines and lines without g3.} 8. Ne5 Qa5 {[#] aiming for ...Ne4.} 9. Bxf6 gxf6 {White is slightly better.} 10. Nf3 Nc6 {[#]} 11. g3 $146 ({Predecessor:} 11. Be2 Bb4 12. Qc1 O-O 13. O-O Kh8 14. a3 Bxc3 15. bxc3 Qc7 16. a4 a6 17. Qa3 {0-1 (37) Rapport,R (2763)-Nihal,S (2650) Chess.com INT 2021}) 11... Bf5 12. a3 {Inhibits Nb4.} O-O-O 13. Nh4 Be6 14. Bg2 Be7 15. O-O f5 16. Nf3 Kb8 17. b4 Qc7 18. Rb1 Ka8 (18... Rhg8 $14) 19. Qa4 Nb8 $2 {[%mdl 8192]} (19... Qb6 $16) 20. Nb5 $1 $18 {[%csl LRa7,LRc7][%cal Rb5c7] Pair of Knights!} Qb6 {[#]} 21. Qxa7+ $1 {[%mdl 512]} Qxa7 22. Nc7# {Weighted Error Value: White=0.05 (flawless) /Black=0.48} 1-0

[Event "84th Tata Steel Challengers 2022"]
[Site "Wijk aan Zee"]
[Date "2022.01.23"]
[Round "8.7"]
[White "Vogel, Roven"]
[Black "Zhu, Jiner"]
[Result "0-1"]
[WhiteElo "2452"]
[BlackElo "2478"]
[Annotator "TA"]
[PlyCount "74"]
[EventDate "2022.01.15"]
[EventType "tourn"]
[EventCountry "NED"]
[SourceTitle "playchess.com"]
[Source "ChessBase"]
[SourceQuality "1"]

{[%evp 18,74,15,3,10,-4,0,0,4,0,0,0,0,0,0,0,14,14,8,7,6,0,0,-21,-20,-27,-19,-20,-24,-20,-25,-42,-13,-30,-12,-14,-19,-56,-29,-224,-219,-635,-622,-1856,-1643,-1973,-1973,-1580,-1590,-2651,-2601,-1771,-1585,-1585,-1468,-29984,473,-29983,-29984]} 1. Nf3 Nf6 2. d4 d5 3. e3 e6 4. b3 c5 5. Bb2 Nc6 6. Nbd2 Be7 7. a3 O-O 8. Bd3 b6 9. O-O Bb7 10. Qe2 a5 {D05: Colle System with ...e6.} 11. Ne5 Qc7 12. Nxc6 {[#]} Bxc6 $146 {The position is equal.} ({Predecessor:} 12... Qxc6 13. Bb5 Qc7 14. Rac1 cxd4 15. exd4 Bd6 16. g3 Qe7 17. Ra1 Rfc8 18. Bd3 b5 {½-½ (33) Shvedchikov,A (2409)-Belov,V (2627) Moscow 2009}) 13. a4 Rac8 14. f4 Ne4 15. dxc5 Bxc5 16. Kh1 Nxd2 17. Qxd2 f6 18. Qe2 Qe7 19. e4 d4 20. f5 Kh8 21. Qh5 exf5 22. exf5 Rfe8 23. Rf4 Qb7 24. Qg4 Rcd8 (24... b5 $5 {[%cal Rb5a4]} 25. Bxd4 Bd6 $11) 25. Rg1 Re5 26. Bc1 Rde8 {[%cal Bd8e8,Be8e2,Be2d2][%mdl 32]} 27. Qh3 Re1 {[%cal Oe8e2] ...R8e2! is the strong threat.} (27... Re2 $5 {[%cal Rc6g2]} 28. Rg4 (28. Bxe2 $2 Rxe2 29. Rf3 d3 $19) 28... Rf2 $15) 28. Bd2 $2 {[#]} (28. Rff1 $11 {and White is okay.} R1e2 29. Bf4) 28... R1e2 $1 $19 29. Bxe2 (29. Bc1) 29... Rxe2 30. Rh4 Rxd2 31. Rxh7+ Kg8 {[%cal Oc6g2] And now ...Bxg2+! would win.} 32. Rh8+ Kf7 {[%cal Oc6g2] ( -> ...Bxg2+!). Active counter play!} 33. Qg4 {[#]} Bxg2+ $1 {[%mdl 512]} 34. Rxg2 Qxg2+ 35. Qxg2 Rd1+ 36. Qg1 Rxg1+ 37. Kxg1 d3+ $1 {[%mdl 64] Discovered Attack.  Weighted Error Value: White=1.11/Black=0.04 (flawless)} 0-1

[Event "84th Tata Steel Challengers 2022"]
[Site "Wijk aan Zee"]
[Date "2022.01.25"]
[Round "9.2"]
[White "Nguyen, Thai Dai Van"]
[Black "Warmerdam, Max"]
[Result "1/2-1/2"]
[WhiteElo "2609"]
[BlackElo "2599"]
[Annotator "TA"]
[PlyCount "55"]
[EventDate "2022.01.15"]
[EventType "tourn"]
[EventCountry "NED"]
[SourceTitle "playchess.com"]
[Source "ChessBase"]
[SourceQuality "1"]

{[%evp 14,55,10,24,17,15,20,11,15,10,8,11,18,8,18,0,16,0,0,-11,31,0,0,0,48,20,24,-10,0,-16,-18,-18,-18,-15,-21,-16,-18,-16,-15,-13,0,0,0,-19]} 1. e4 c5 2. Nf3 d6 3. Bb5+ Nd7 4. d4 cxd4 5. Nxd4 Ngf6 6. O-O e6 7. c4 Be7 8. Nc3 O-O {B51: Sicilian: Moscow Variation (3 Bb5+) without 3...Bd7.} 9. Bxd7 Bxd7 {[#]} 10. Qd3 $146 ({Predecessor:} 10. Be3 a6 11. a4 Qa5 12. Rc1 Rfc8 13. b3 d5 14. e5 Ne8 15. Nde2 Nc7 16. c5 Bxc5 17. Bxc5 Qxc5 {0-1 (30) Vachier Lagrave,M (2758)-Giri,A (2776) chess24.com INT 2021}) 10... a6 11. h3 Rc8 12. b3 Qc7 {[%cal Ob7b5]} 13. Bb2 Rfd8 14. Rac1 Be8 15. f4 Qa5 16. a4 Nd7 (16... Bf8 $11) 17. Kh1 (17. f5 $5 {[%cal Rf5e6]} d5 18. exd5 $14 (18. cxd5 e5 $17) (18. fxe6 dxc4 19. Qg3 fxe6 $17)) 17... Bf6 18. Nce2 b5 (18... Nc5 $11 {deserves consideration.} 19. Qe3 Qb6) 19. cxb5 {[%cal Oe4e5]} axb5 {White must now prevent ...Nc5.} 20. Bc3 ({Don't play} 20. Qxb5 Qxb5 21. axb5 Nc5 $15) 20... Qa8 {aiming for ...Nc5. The position is equal.} 21. Nxb5 Nc5 {[%csl LRb3,LRd3,LRe4]} 22. Qe3 {[#] Threatens to win with Bxf6.} Bxb5 23. axb5 Qxe4 24. Qxe4 Nxe4 25. Bxf6 gxf6 26. Kg1 Rb8 27. Nd4 {And now Nc6 would win.} Rb7 28. Rc6 {An even fight not without its subleties.  Weighted Error Value: White=0.08 (flawless) /Black=0.07 (flawless)} 1/2-1/2

[Event "84th Tata Steel Challengers 2022"]
[Site "Wijk aan Zee"]
[Date "2022.01.25"]
[Round "9.3"]
[White "Jumabayev, Rinat"]
[Black "Murzin, Volodar"]
[Result "1/2-1/2"]
[WhiteElo "2631"]
[BlackElo "2519"]
[Annotator "TA"]
[PlyCount "80"]
[EventDate "2022.01.15"]
[EventType "tourn"]
[EventCountry "NED"]
[SourceTitle "playchess.com"]
[Source "ChessBase"]
[SourceQuality "1"]

{[%evp 9,80,18,19,13,20,10,33,30,45,43,58,53,56,52,50,44,41,33,47,37,86,67,85,86,99,96,96,93,75,0,0,0,0,0,0,0,0,0,0,0,0,-31,-31,-31,-38,-65,-38,-62,-39,-88,-96,-95,-96,-175,-178,-193,-180,-144,-117,-148,-62,-113,0,0,0,0,0,0,0,0,0,0,0]} 1. d4 d5 2. c4 c6 3. Nf3 Nf6 4. Qc2 g6 5. e3 Bg7 6. Be2 {D11: Slav Defence: 3 Nf3 sidelines and 3...Nf6 4 e3 Bg4.} O-O 7. O-O a5 8. Nc3 {[#] White is slightly better.} Bf5 $146 ({Predecessor:} 8... Na6 9. a3 Nc7 10. Rd1 Bg4 11. Ne5 Bxe2 12. Qxe2 Nd7 13. cxd5 Nxe5 14. dxe5 cxd5 15. Nxd5 Nxd5 {½-½ (26) Kubesa,D-Blecha,J (1915) Ostrava 2010}) 9. Qb3 Ra7 10. cxd5 cxd5 11. Bd2 Nc6 12. Rfc1 Ne4 13. Be1 ({Much weaker is} 13. Nxd5 e5 14. Bc4 exd4 $17) 13... e6 14. Bb5 Ne7 (14... h5 $14) 15. Ne5 $16 Nxc3 16. Qxc3 Nc8 17. Nd7 {White is more active.} Nd6 18. Qc5 ({Much worse is} 18. Nxf8 $6 Nxb5 19. Qc5 Bd3 20. Nxe6 fxe6 $11) 18... Nxb5 19. Nxf8 ({White should play} 19. Qxb5 $16 Re8 20. Rc5) 19... Bd3 $11 20. Nxe6 fxe6 21. a4 Bf8 $1 {A strong pair of Bishops.} 22. Qc8 Qxc8 23. Rxc8 Nd6 24. Rb8 Bc2 25. b4 (25. Rc1 $5 {[%cal Rc1c2]} Bxa4 26. Rc7 $11) 25... Nc4 26. bxa5 Kf7 $36 {[%mdl 2048] Black is pushing.} 27. Rd8 Be7 {[%mdl 1024] Black has compensation.} 28. Rh8 g5 {And now ...Bf8 would win.} (28... h5 $5 {[%cal Re7f8]} 29. Rh7+ Kf8 $15) 29. Rc1 (29. Rc8 $1 $15) 29... Bg6 $17 30. Rc8 Bd6 31. f3 (31. Rd8 $17 {was worth a try.} Ke7 32. Rg8) 31... Nxe3 $19 32. Rd8 Ke7 33. Rcc8 Nc4 {Inhibits Bd2.} 34. h4 {[#]} Ra6 ({Black should try} 34... e5 $1 $17 {[%cal Re5d4]} 35. dxe5 Nxe5 36. hxg5 Nc6) 35. hxg5 {[#]} (35. Rg8 $1 $15) 35... Nxa5 (35... e5 $1 $17 {[%cal Re5d4]} 36. dxe5 Nxe5) 36. Rg8 $11 {The position is equal.} Kf7 {To avoid Rg7+} 37. Rgd8 Ke7 {Inhibits Rd7+. Hoping for ...Nc6.} 38. Rg8 {Threatens to win with Rg7+.} Kf7 {To avoid Rg7+} 39. Rgd8 Ke7 {Prevents Rd7+. aiming for ...Nc6.} 40. Rg8 {Rg7+ is the strong threat.} Kf7 {Prevents Rg7+.  Weighted Error Value: White=0.11 (very precise) /Black=0.14 (very precise)} 1/2-1/2

[Event "84th Tata Steel Challengers 2022"]
[Site "Wijk aan Zee"]
[Date "2022.01.25"]
[Round "9.4"]
[White "Bjerre, Jonas Buhl"]
[Black "Ganguly, Surya Shekhar"]
[Result "1-0"]
[WhiteElo "2586"]
[BlackElo "2627"]
[Annotator "TA"]
[PlyCount "121"]
[EventDate "2022.01.15"]
[EventType "tourn"]
[EventCountry "NED"]
[SourceTitle "playchess.com"]
[Source "ChessBase"]
[SourceQuality "1"]

{[%evp 18,121,0,0,0,0,0,0,0,0,0,0,0,0,0,0,0,-14,77,77,78,85,75,75,84,87,83,90,64,66,75,42,47,36,22,27,16,12,10,8,13,0,31,3,28,26,42,25,67,64,312,294,313,318,307,0,921,910,29987,131,118,52,52,52,52,52,73,60,84,59,249,248,392,395,839,813,587,1926,1897,1775,1668,1845,1718,1651,3222,3143,2777,1243,29941,29944,29958,772,1164,0,29959,29959,29954,29960,29959,29962,29959,29961,29969,29972,29984,29985]} 1. d4 Nf6 2. c4 e6 3. Nf3 d5 4. Nc3 c5 5. e3 Nc6 6. a3 dxc4 7. Bxc4 a6 8. O-O b5 {[%cal Bb7b5,Bb5b4][%mdl 32]} 9. Ba2 Bb7 10. Qe2 cxd4 {D40: Queen's Gambit Declined: Semi-Tarrasch with 5 e3.} 11. Rd1 {[%cal Re3d4]} b4 12. exd4 {[%cal Od4d5] Hoping for d5!} bxc3 {The position is equal.} 13. d5 $1 Nxd5 14. Rxd5 Qc7 15. Rd3 {[%cal Bd5d3,Bd3c3,Bc3c2,Bc2d2][%mdl 32]} Be7 16. Rxc3 {[#]} O-O $146 ({Predecessor:} 16... Bf6 17. Rc2 O-O 18. Be3 Rfd8 19. Rac1 Qd7 20. Bb6 Rdc8 21. Rd1 Qe8 22. Rcd2 Ne7 {½-½ (42) Manolache,M (2514)-David,A (2428) Mamaia 2021}) 17. Ng5 {[%cal Og5h7]} h6 {[#]} (17... Bf6 $11 {remains equal.} 18. Rc4 Qe5) 18. Nxf7 $1 $16 Rxf7 (18... Bf6 $2 19. Nxh6+ $1 {[%mdl 512]} Kh8 20. Rh3 $1 $18) 19. Qxe6 Raf8 {[#] ...Kh8 is the strong threat.} 20. Bxh6 $1 Bf6 21. Rc2 Kh7 22. Be3 {And now Rc5 would win.} Qd7 23. Qe4+ g6 24. Bxf7 {White is more active.} Rxf7 25. Rd2 {Inhibits Nd4.} Nd4 $1 26. Qf4 Qc6 $1 {[%csl Gb7][%cal Rc6g2]} 27. f3 g5 $1 28. Qg3 (28. Qg4 Nb3 29. Qf5+ Kh8 $17) 28... Nf5 {[%csl LRe3,LRg3]} 29. Qf2 Kg6 30. Rad1 Qc7 31. Rc2 Qb8 32. h3 $1 Be5 {This bishop pair is nice.} (32... Ba8 $11 {is more appropriate.}) 33. Ba7 $1 $14 (33. Rc5 Bd6 $11) 33... Bh2+ (33... Qe8 $14) 34. Kh1 $18 Qf4 35. Qb6+ Kg7 {[%cal Ob7f3]} 36. Qe6 $2 (36. Qd8 $1 $18 Bxf3 37. gxf3 Rxa7 38. Rxh2) 36... Bg3 $2 {[%mdl 8192]} (36... Bxf3 $11 37. Rd7 Ng3+ 38. Kxh2 Ne2+ 39. Kh1 Bxg2+ 40. Kxg2 Qg3+ 41. Kh1 Qf3+ 42. Kh2 Qg3+ 43. Kh1 Qf3+ 44. Kh2 Qg3+ 45. Kh1) 37. Rd7 Nd6 38. Bb8 $2 (38. Rcc7 {mates} Rxd7 39. Bd4+ $1 {[%mdl 512]} Kf8 40. Rxd7 Qf7 41. Rd8+ Ne8 42. Rxe8+ $1 {[%mdl 512]} Qxe8 43. Bc5+ Bd6 44. Bxd6+ Kg7 45. Be5+ Kh7 46. Qxe8) 38... Qa4 $16 {[#]} 39. Bxd6 $1 Rxd7 $14 40. Bxg3 $40 {[%mdl 128] White threatens Rc5 and mate. White attacks. The board is on fire.} Rd1+ 41. Kh2 Qxc2 42. Qe7+ Kg6 $1 {Threatens to win with ...Qb3. White now steadily converts the win.} 43. Qxb7 $16 {[%mdl 4096] Endgame KQR-KQB} Qb1 $2 (43... Qc1 $1 $14 44. Qe4+ (44. Qxa6+ Kh5 $16) 44... Kf7 45. Qf5+ Ke7 46. Qh7+ Ke6 47. Qe4+ Kf7 48. Qh7+ Ke6 49. Qg8+ Ke7 50. Qg7+ Ke6 51. Qg6+ Ke7 52. Qh7+ Ke6) 44. Qxa6+ $18 Kh5 (44... Kf7 $142 45. Qb7+ Kg6 46. Qc6+ Kh7 47. Qc7+ Kg6 48. Qb6+ (48. Be5 $2 {leads to mate.} Rh1+ 49. Kg3 Qe1+ 50. Kg4 Qh4#) 48... Kh7) 45. Be1 $1 {[%csl Gf3,Gh3][%cal Rg2g4]} (45. Be5 $2 {gets mated.} Rh1+ 46. Kg3 Qe1#) 45... Qxb2 $2 (45... Rxe1 $2 {is a self mate.} 46. g4+ Kh4 47. Qh6#) (45... Qg6 46. Qe2 Rd8 47. f4+ Kh6) 46. Qe6 {[%cal Oe1c3]} Qb8+ {[#]} 47. Kg1 $1 {[%csl Ge6,Gf3,Gh3][%cal Rg2g4]} Qa7+ {[#]} 48. Kf1 $1 {[%csl Ge6,Gf3,Gh3][%cal Rg2g4]} Rxe1+ 49. Qxe1 Qxa3 {KQ-KQ} 50. Qe5 {[%cal Oh3h4] Intending h4! and mate.} Qa6+ 51. Kg1 {White wants to mate with f4.} Kh6 52. Kh2 Qb6 53. Kg3 Qa6 54. Kg4 (54. h4 $142 gxh4+ 55. Kxh4 Kg6 56. f4 Kh7 57. Qf5+ Kh8 58. Kg5 Kg7 59. Qd7+ Kf8 60. f5) 54... Qc8+ 55. Kg3 (55. Qf5 $18 Qc4+ 56. Qe4 Qc8+ 57. Kg3) 55... Qa6 $1 56. h4 {White mates.} gxh4+ 57. Kxh4 Qb6 58. f4 {[%cal Bf3f4,Bf4f5][%mdl 32]} Kh7 59. f5 Qh6+ 60. Kg4 Qd2 61. Qe7+ {Weighted Error Value: White=0.31/Black=0.63} 1-0

[Event "84th Tata Steel Challengers 2022"]
[Site "Wijk aan Zee"]
[Date "2022.01.25"]
[Round "9.5"]
[White "Maurizzi, Marc`Andria"]
[Black "Van Foreest, Lucas"]
[Result "1-0"]
[WhiteElo "2496"]
[BlackElo "2530"]
[Annotator "TA"]
[PlyCount "53"]
[EventDate "2022.01.15"]
[EventType "tourn"]
[EventCountry "NED"]
[SourceTitle "playchess.com"]
[Source "ChessBase"]
[SourceQuality "1"]

{[%evp 12,52,21,0,0,-13,-16,-16,-13,-19,-20,-17,0,0,0,0,9,7,20,30,30,28,22,0,0,-17,0,0,0,0,0,2,68,79,321,317,328,318,305,302,29982,29983,29999]} 1. d4 d5 2. c4 dxc4 3. Nf3 Nf6 4. e3 e6 5. Bxc4 c5 6. O-O a6 7. e4 {7.Re1 is the recent fashion.} b5 {[%cal Bb7b5,Bb5c4][%mdl 32] D27: Queen's Gambit Accepted: Classical main line: 7 e4!? and 7 a4.} 8. e5 bxc4 9. exf6 gxf6 {[#] The position is equal.} 10. dxc5 $146 ({Predecessor:} 10. Na3 Bb7 11. dxc5 Rg8 12. Qxd8+ Kxd8 13. Rd1+ Nd7 14. Ne1 Bxc5 15. Nxc4 Ke7 16. Be3 {0-1 (60) Malinin,Y (2335)-Dokutchaev,A (2425) Tula 1998}) 10... Qxd1 11. Rxd1 Bxc5 12. Nbd2 Bb7 13. Nxc4 Rg8 {[#] Hoping for ...Bxf3.} 14. Ne1 Ke7 15. b4 Bd5 16. bxc5 Bxc4 17. Rb1 {[#] And now Rb7+ would win.} Bb5 18. Rd6 Rc8 19. Ba3 Nc6 20. Nc2 Ke8 21. Ne3 Na5 (21... h5 $11) 22. Rb4 $14 {White is more active.} Rxc5 $2 {This move loses the game for Black.} (22... Nb7 $16 {was called for.}) 23. Rg4 $18 Rg5 24. h4 Rxg4 25. Nxg4 Rc8 $2 (25... Rd8 $18 26. Nxf6+ Ke7) 26. Rd1 {[%cal Rg4f6]} f5 27. Nf6# {Weighted Error Value: White=0.04 (flawless) /Black=0.63} 1-0

[Event "84th Tata Steel Challengers 2022"]
[Site "Wijk aan Zee"]
[Date "2022.01.25"]
[Round "9.6"]
[White "L'Ami, Erwin"]
[Black "Dardha, Daniel"]
[Result "1/2-1/2"]
[WhiteElo "2622"]
[BlackElo "2533"]
[Annotator "TA"]
[PlyCount "188"]
[EventDate "2022.01.15"]
[EventType "tourn"]
[EventCountry "NED"]
[SourceTitle "playchess.com"]
[Source "ChessBase"]
[SourceQuality "1"]

{[%evp 9,188,25,38,8,10,0,0,13,31,7,4,10,39,3,25,8,35,16,37,0,0,0,21,-23,-19,-18,-22,-19,-9,-22,0,-18,-20,-42,0,0,0,0,0,0,0,-14,-7,-21,-18,-13,-14,-14,-16,-46,-22,-31,-18,-21,-29,-31,-25,-35,-31,-34,-27,-55,-52,-44,-65,-60,-62,-51,-59,-56,-23,-20,0,0,0,-28,0,0,0,0,0,0,0,0,0,0,0,0,0,0,0,0,8,8,8,0,0,0,0,0,0,0,0,0,8,0,8,0,8,8,46,46,46,46,46,46,46,46,46,46,46,20,46,46,46,46,46,46,62,46,46,19,46,12,15,0,70,8,8,0,2,0,0,0,89,89,89,95,96,89,96,96,96,96,97,97,97,97,97,97,97,97,97,97,97,97,97,97,97,96,96,96,97,97,97,97,97,97,97,97,97]} 1. d4 Nf6 2. c4 e6 3. Nf3 d5 4. Nc3 h6 5. Bf4 Bd6 6. Bg3 {D37: Queen's Gambit Declined: 5 Bf4.} O-O 7. e3 Bxg3 8. hxg3 {The position is equal.} Qe7 9. Qc2 Rd8 {[#]} 10. Rd1 $146 ({Predecessor:} 10. cxd5 exd5 11. Bd3 c5 12. O-O Nc6 13. dxc5 Qxc5 14. Nb5 Qb6 15. Nbd4 Bd7 16. Qb3 Qxb3 17. Nxb3 {0-1 (62) Sunilduth Lyna,N (2618)-Carlsen,M (2863) chess24.com INT 2020}) 10... b6 11. cxd5 (11. Ne5 {keeps more tension.} Bb7 12. g4 Nc6 13. g5 hxg5 14. cxd5 Nb4 15. Qb1) 11... exd5 12. Be2 Bb7 13. Qf5 Nbd7 {[%cal Bb8d7,Bd7f8,Bf8e6,Be6g5][%mdl 32]} 14. Qf4 (14. g4 {seems wilder.} Ne4 15. Nxd5 Bxd5 16. Qxd5 Ndf6 17. Qe5) 14... Nf8 15. Nh4 {[#] Black must now prevent Nf5.} Bc8 16. Nf5 (16. g4 $142) 16... Bxf5 $11 17. Qxf5 Ne6 18. a3 c6 19. g4 Re8 20. Bf3 Ng5 21. O-O g6 (21... Rad8 $15 {is more appropriate.}) 22. Qf4 Rad8 23. b4 Kg7 24. Rc1 b5 25. Ne2 Rc8 26. Rc2 a5 27. Rb1 $1 axb4 28. axb4 Nd7 {[%cal Bf6d7,Bd7b6,Bb6c4][%mdl 32]} 29. Nc1 Nb6 (29... Ne6 $5 {[%cal Re6f4]} 30. Qg3 Nb6 $15) 30. Nd3 Nc4 {aiming for ...Ne6.} 31. Ra1 Ne6 {Pair of Knights!} 32. Qg3 Ra8 33. Rca2 Rxa2 34. Rxa2 Qb7 35. Kh2 Ra8 36. Rxa8 Qxa8 37. Ne5 Nd2 {[#] ...Nf1+ is the strong threat.} 38. Be2 {Inhibits Nf1+.} Ne4 39. Qf3 f6 40. Nd3 N6g5 41. Qf4 Ne6 {To avoid Qc7+} 42. Qf3 Qa2 43. Bf1 Nd2 {[%csl LRf1,LRf3]} 44. Qe2 Qc2 45. Kg1 Ng5 46. f3 Qc3 47. Kf2 Ne6 48. Qe1 {Hoping for Ke2.} Qc2 $1 49. Qc1 Ne4+ 50. Ke1 Qxc1+ 51. Nxc1 {[%mdl 4096] Endgame KBN-KNN} Nd6 52. Nd3 Nc4 53. Kf2 Kf7 54. Be2 Ke7 55. Bd1 Kd6 56. Bc2 g5 57. Ke2 Ng7 58. Nf2 Ne6 59. Bf5 Ke7 60. Bxe6 Kxe6 $14 {KN-KN} 61. e4 Nd6 62. Kd3 Nc8 63. Nd1 Ne7 64. Ne3 Ng6 {[%cal Oh6h5]} 65. Kd2 Nh4 66. Ke2 Ng6 {[%cal Oh6h5]} 67. Ke1 Ne7 68. Kd2 Nc8 69. Nd1 Ne7 70. Nc3 Kd6 71. Ke3 Ke6 72. Ne2 Nc8 (72... Ng6 $11) 73. Nc1 ({White should play} 73. Ng3 $14) 73... Nd6 $11 74. Nb3 Kd7 75. g3 Nc4+ 76. Ke2 Nd6 (76... dxe4 $11 {remains equal.} 77. fxe4 Kd6) 77. e5 $16 {White now steadily converts the win. White is better.} Ne8 78. Nc5+ Ke7 79. Nd3 {White is more active.} Ng7 80. exf6+ Kxf6 81. Ne5 Ne6 82. Nxc6 Nc7 83. Kd3 Na6 84. Kc3 Nc7 85. Ne5 Kg7 86. Nd3 Kf6 87. Nf2 Kf7 88. Nd1 Kf6 89. Ne3 Kg6 90. Kd3 Kf6 91. f4 Kg6 92. Ke2 Kf6 93. Kf3 Kg6 94. Nf5 Kh7 {Weighted Error Value: White=0.06 (flawless) /Black=0.07 (flawless)} 1/2-1/2

[Event "84th Tata Steel Challengers 2022"]
[Site "Wijk aan Zee"]
[Date "2022.01.25"]
[Round "9.7"]
[White "Shuvalova, Polina"]
[Black "Vogel, Roven"]
[Result "1/2-1/2"]
[WhiteElo "2516"]
[BlackElo "2452"]
[Annotator "TA"]
[PlyCount "54"]
[EventDate "2022.01.15"]
[EventType "tourn"]
[EventCountry "NED"]
[SourceTitle "playchess.com"]
[Source "ChessBase"]
[SourceQuality "1"]

{[%evp 20,54,20,25,26,14,27,12,4,14,14,0,0,2,8,0,7,9,15,11,23,19,19,7,10,0,0,0,0,0,0,0,0,0,0,0,0]} 1. e4 e5 2. Nf3 Nc6 3. Bb5 Nf6 4. O-O {[%cal Bh1f1,Bf1e1,Be1e5][%mdl 32]} Nxe4 5. Re1 Nd6 6. Nxe5 Be7 7. Bf1 Nxe5 8. Rxe5 O-O 9. d4 Bf6 10. Re1 Nf5 {[%cal Bd6f5,Bf5h4,Bh4g6,Bg6f4,Bf4d3][%mdl 32]} 11. c3 d5 {C67: Ruy Lopez: Berlin Defence: 4 0-0 Nxe4.} 12. a4 a5 13. Bf4 c6 14. Nd2 {[#]} Bg5 $146 ({Predecessor:} 14... Be6 15. Qb3 b6 16. Nf3 c5 17. Be5 Be7 18. Rac1 Nd6 19. Bxd6 Bxd6 {1-0 (51) Sautto,D (2206)-Ortega,L (2456) Porto San Giorgio 2008}) 15. Be5 Nh4 (15... f6 $5 16. Bg3 Bh6 $11) 16. Nf3 Bg4 17. Be2 Bxf3 18. Bxf3 Ng6 19. Bg3 Bf4 20. Bxf4 Nxf4 {The position is equal.} 21. Qb3 Qd7 22. Re3 Rae8 23. Rae1 Nd3 24. Rd1 Nf4 25. Rde1 Nd3 26. Rd1 Nf4 27. Rde1 Nd3 {An even fight not without its subleties.  Weighted Error Value: White=0.04 (flawless) /Black=0.02 (flawless)} 1/2-1/2

[Event "84th Tata Steel Challengers 2022"]
[Site "Wijk aan Zee"]
[Date "2022.01.26"]
[Round "10.1"]
[White "Erigaisi Arjun"]
[Black "Shuvalova, Polina"]
[Result "1/2-1/2"]
[WhiteElo "2629"]
[BlackElo "2516"]
[Annotator "TA"]
[PlyCount "61"]
[EventDate "2022.01.15"]
[EventType "tourn"]
[EventCountry "NED"]
[SourceTitle "playchess.com"]
[Source "ChessBase"]
[SourceQuality "1"]

{[%evp 9,61,18,20,18,12,12,26,0,0,0,0,0,0,0,0,0,0,0,0,0,0,0,0,0,0,0,4,0,24,8,4,10,11,7,9,7,6,-60,-41,-39,-31,-95,-96,-85,-79,-79,-79,-79,-79,-79,-77,-79,-79,-79]} 1. d4 d5 {[%cal Bd7d5,Bd5c4][%mdl 32]} 2. c4 e6 3. Nc3 Nf6 4. Bg5 dxc4 5. e3 c5 6. Bxf6 {D50: Queen's Gambit Declined: Dutch-Peruvian Gambit.} Qxf6 7. d5 a6 {[#]} 8. a4 $146 {Inhibits b5. White has an edge.} ({Predecessor:} 8. Nf3 Nd7 9. dxe6 Qxe6 10. Qa4 Rb8 11. Bxc4 Qf6 12. Be2 b5 13. Qe4+ Be7 14. Nd5 {½-½ (42) Predke,A (2666)-Anton Guijarro,D (2658) Riga 2021}) 8... Nd7 9. Bxc4 Nb6 10. Qb3 Nxc4 11. Qxc4 exd5 12. Nxd5 Qc6 ({Much less strong is} 12... Qe5 13. Nf3 Qd6 14. Qe4+ Be7 15. O-O-O $16 (15. Nxe7 Qxe7 16. Qxe7+ Kxe7 $11)) 13. Ne2 {[%cal Oe2d4]} Bd6 14. Nef4 O-O 15. O-O b5 16. Qe4 Bb7 17. Rfd1 {[%cal Od5f6]} Rad8 18. axb5 axb5 19. Ne7+ $1 Bxe7 20. Qxe7 Qc8 21. h3 h6 $1 22. b3 c4 23. Rdc1 (23. bxc4 $11 bxc4 24. Ne2) 23... Rfe8 $15 24. Qb4 {[%csl LRb5,LRc4][%cal Rb3c4]} g5 $36 {[%mdl 2048] Black fights for an advantage.} 25. Qxb5 gxf4 $17 {Black is better.} 26. Rxc4 Qd7 (26... Qb8 {is interesting.} 27. Rxf4 Rd5 28. Qa4 h5 29. Kh2 Ree5) 27. Qxd7 Rxd7 28. Rxf4 Rd3 29. b4 Rb3 30. Ra7 Bd5 31. Rd7 {Weighted Error Value: White=0.10 (very precise) /Black=0.01 (flawless)} 1/2-1/2